000 00284nam a2200109Ia 4500
008 190919s9999||||xx |||||||||||||| ||und||
100 _aKhargamwala F.
245 0 _aNegotiable Instruments Act (XXVI of 1881)
260 _aDhaka
_bTata McGraw Hill
_c1999
300 _a378
942 _cBK
999 _c11463
_d11463